[Event "BL qual"]
[Site "Germany"]
[Date "1991.??.??"]
[Round "?"]
[White "Backwinkel, Paul"]
[Black "Schmitzer, Klaus"]
[Result "0-1"]
[WhiteElo "2355"]
[BlackElo "2335"]

1.d4 g6 2.e4 Bg7 3.Nc3 c6 4.Bc4 d6 5.Qf3 e6 6.Nge2 Nd7 7.Be3 Ngf6 8.g4 d5
9.exd5 exd5 10.Bd3 O-O 11.g5 Ne8 12.h4 Nd6 13.Ng3 Re8 14.Kf1 Nf8 15.Nce2 Ne6
16.c3 b5 17.Nf4 Nc4 18.Bxc4 bxc4 19.Nfh5 gxh5 20.Nxh5 Kh8 21.Re1 Rf8 22.Nxg7 Kxg7
23.Qh5 Kg8 24.Qh6 Ng7 25.Bf4 Bd7 26.Be5 Nf5 27.Qh5 Re8 28.Rg1 Re6 29.Bf6 Rxe1+
30.Kxe1 Qe8+ 31.Be5 Rb8 32.Qe2 Rb7 33.h5 c5 34.g6 fxg6 35.hxg6 h6 36.dxc5 Bc8
37.f4 Re7 38.g7 Qc6 39.Qf2 Bd7 40.Kd2 d4 41.cxd4 Qe4 42.Kc1 Ne3 43.Qe2 Bf5
44.Kd2 Rb7 45.Ke1 Qb1+ 46.Kf2 Ng4+  0-1

[Event "BL2-S9091"]
[Site "Germany"]
[Date "1991.??.??"]
[Round "?"]
[White "Fritsch, Rolf"]
[Black "Braeuning, Rudolf Wilhelm"]
[Result "1-0"]
[WhiteElo "2220"]
[BlackElo "2320"]

1.d4 g6 2.e4 Bg7 3.Nc3 c6 4.g3 d5 5.exd5 cxd5 6.Bg2 e6 7.Nf3 Nc6 8.O-O Nge7
9.Ne2 Nf5 10.c3 O-O 11.Nf4 b6 12.Re1 a5 13.a4 Ba6 14.h4 b5 15.axb5 Bxb5 16.h5 Nd6
17.hxg6 hxg6 18.Nh3 Re8 19.Nhg5 Bf6 20.Nh3 Kg7 21.Ne5 Be7 22.Nf4 Nxe5 23.Rxe5 Bf6
24.Re1 Bd7 25.Nd3 Rh8 26.Ne5 Bb5 27.b3 Rc8 28.Bb2 Qg8 29.f3 Qh7 30.Kf2 Nf5
31.Rh1 Qg8 32.Ng4 Be7 33.Qd2 Bd6 34.f4 Nxg3 35.Kxg3 g5 36.Ne5 gxf4+ 37.Kf2 f6
38.Rag1 Kf8 39.Rxh8 fxe5 40.Rxg8+ Kxg8 41.Bf1+  1-0

[Event "BL2-SW9091"]
[Site "Germany"]
[Date "1991.??.??"]
[Round "?"]
[White "Goldberg, Alexander"]
[Black "Reinhardt, Bernd"]
[Result "0-1"]
[WhiteElo "2345"]
[BlackElo "2255"]

1.e4 g6 2.d4 Bg7 3.Nc3 c6 4.Nf3 d5 5.e5 Nh6 6.Bd3 O-O 7.h4 Bg4 8.h5 Nf5 9.Bxf5 Bxf5
10.Ng5 h6 11.g4 Bc8 12.Nxf7 Kxf7 13.Qd3 gxh5 14.gxh5 Ke8 15.Qg6+ Rf7 16.e6 Bxe6
17.Qxe6 Qd7 18.Qg6 Qf5 19.Be3 Nd7 20.Rg1 Qxg6 21.hxg6 Rf6 22.Ne2 e5 23.O-O-O e4
24.Nf4 Kf8 25.Rg2 Kg8 26.Nh5 Rf5 27.Rh1 Re8 28.Nxg7 Kxg7 29.Bxh6+ Kf6 30.Be3 Rg8
31.Rh7 Ke6 32.Bh6 Rf3 33.Bg7 Rf5 34.a4 a6 35.b4 Rf3 36.Kb2 b5 37.a5 Rf5 38.Be5 Rf3
39.Bc7 Rf6 40.g7 Kf7 41.Be5 Nxe5 42.dxe5 Rg6 43.Rxg6 Kxg6 44.Rh8 Kxg7 45.Rxg8+ Kxg8
46.Kc3 Kf7 47.Kd4 Ke6 48.c3 Kf5 49.Kc5 Kxe5 50.Kb6 Kd6 51.Kxa6 Kc7 52.Ka7 c5
53.bxc5 d4 54.cxd4 b4 55.d5 b3 56.d6+ Kc6 57.Kb8 b2 58.Kc8 b1=Q 59.a6 Qb3  0-1

[Event "BL2-SW9091"]
[Site "Germany"]
[Date "1991.??.??"]
[Round "?"]
[White "Thiel, Thomas"]
[Black "Floegel, Ulrich"]
[Result "0-1"]
[WhiteElo "2220"]
[BlackElo "2275"]

1.e4 g6 2.d4 Bg7 3.Nc3 c6 4.Bc4 b5 5.Bb3 a5 6.Qf3 e6 7.e5 a4 8.Ne4 Bf8 9.Bg5 Qa5+
10.Bd2 Qc7 11.Nh3 h6 12.O-O Bb7 13.c4 axb3 14.axb3 Rxa1 15.Rxa1 c5 16.Ba5 Qc8
17.d5 exd5 18.cxd5 Bxd5 19.Nf4 Bxe4 20.Qxe4 Ne7 21.e6 Bg7 22.exf7+ Kxf7 23.Nd5 Nbc6
24.Qf3+ Kg8 25.Nxe7+ Nxe7 26.Qe4 Kf7 27.Qf3+ Bf6 28.h4 Qc6 29.Qg3 Nf5 30.Qh3 h5
31.Rd1 Re8 32.Bc3 Bd4 33.b4 Re2 34.Bxd4 cxd4 35.Qb3+ Qe6  0-1

[Event "BL2-SW9091"]
[Site "Germany"]
[Date "1991.??.??"]
[Round "?"]
[White "Troltenier, Dirk"]
[Black "Welz, Thomas"]
[Result "1/2-1/2"]
[WhiteElo "2250"]
[BlackElo "2355"]

1.e4 g6 2.d4 Bg7 3.Nc3 c6 4.Nf3 d5 5.h3 dxe4 6.Nxe4 Nf6 7.Bd3 Nxe4 8.Bxe4 Nd7
9.O-O Nf6 10.Bd3 O-O 11.Re1 Bf5 12.c3 Qc7 13.Bg5 Rae8 14.Bh4 Qc8 15.Bxf5 Qxf5
16.Qb3 Qb5 17.Qxb5 cxb5 18.Ne5 Rd8 19.Nd3 Rfe8 20.a4  1/2-1/2

[Event "BL2-SW9091"]
[Site "Germany"]
[Date "1991.??.??"]
[Round "?"]
[White "Werner, Clemens"]
[Black "Siebenhaar, Erich"]
[Result "1-0"]
[WhiteElo "2270"]
[BlackElo "2210"]

1.d4 g6 2.e4 Bg7 3.Nc3 c6 4.Nf3 d5 5.h3 dxe4 6.Nxe4 Nf6 7.Nxf6+ Bxf6 8.Bc4 O-O
9.O-O c5 10.Bh6 Re8 11.Ne5 e6 12.c3 a6 13.Qf3 cxd4 14.cxd4 Ra7 15.Rad1 b5
16.Bb3 Bb7 17.Qf4 Nd7 18.Nxd7  1-0

[Event "Graz zt (Women)"]
[Site "Graz"]
[Date "1991.??.??"]
[Round "?"]
[White "Hund, Isabel"]
[Black "Mira, Helene"]
[Result "1-0"]
[WhiteElo "2080"]
[BlackElo "2140"]

1.e4 g6 2.d4 Bg7 3.Nc3 c6 4.Nf3 Nf6 5.e5 Nd5 6.Nxd5 cxd5 7.c3 d6 8.Bb5+ Nc6
9.Bf4 dxe5 10.Nxe5 Bd7 11.Nxd7 Qxd7 12.Qd2 O-O 13.O-O a6 14.Be2 b5 15.Bh6 b4
16.Bxg7 Kxg7 17.cxb4 Qa7 18.Rfd1 Qb6 19.a3 Rad8 20.Rac1 f6 21.Qc3 Rd6 22.Qc5 Qd8
23.Bf3 e6 24.b5 axb5 25.Qxb5 Qd7 26.Qc5 Rc8 27.b4 Ne7 28.Qa5 e5 29.Rxc8 Qxc8
30.Qc5 Qe6 31.b5 exd4 32.Qxd4 Nf5 33.Qb4 Qc8 34.h3 Qc7 35.g3 Qb6 36.Kg2 d4
37.a4 d3 38.a5 Qd8 39.b6 Rd4 40.Qc5 d2 41.b7 Qb8 42.Qc8 Rd8 43.Qxb8 Rxb8
44.a6  1-0

[Event "Hartberg op"]
[Site "Hartberg"]
[Date "1991.??.??"]
[Round "2"]
[White "Thorhallsson, Throstur"]
[Black "Mira, Helene"]
[Result "1-0"]
[WhiteElo "2425"]
[BlackElo "2140"]

1.e4 g6 2.d4 Bg7 3.Nc3 c6 4.Bc4 b5 5.Bb3 a5 6.a3 a4 7.Ba2 Qb6 8.Nf3 b4 9.axb4 Qxb4
10.O-O a3 11.Bb3 Bh6 12.Bxh6 Nxh6 13.Qd2 Ng8 14.bxa3 Rxa3 15.Rxa3 Qxa3 16.Qf4  1-0

[Event "Hastings Challengers9192"]
[Site "Hastings"]
[Date "1991.??.??"]
[Round "?"]
[White "Arakhamia, Ketevan"]
[Black "Summerscale, Aaron"]
[Result "1/2-1/2"]
[WhiteElo "2475"]
[BlackElo "2325"]

1.e4 g6 2.d4 Bg7 3.Nc3 c6 4.f4 d5 5.e5 h5 6.Nf3 Nh6 7.Bd3 Bg4 8.h3 Bxf3 9.Qxf3 e6
10.Be3 Qb6 11.O-O-O h4 12.g4 hxg3 13.Qxg3 Bf8 14.h4 Nf5 15.Bxf5 gxf5 16.h5 Nd7
17.h6 Bxh6 18.Rh5 O-O-O 19.Qh3 Bg7 20.Rg1 Rxh5 21.Qxh5 Bf8 22.Qxf7 c5 23.Rd1 Qa6
24.a4 Qc6 25.Kb1 Kb8 26.Ne2 Rc8 27.Rg1 Nb6 28.Rg8 Nc4 29.Rxf8 Nxe3 30.dxc5 Qxa4
31.Rxc8+ Kxc8 32.Qxe6+ Kd8 33.Nc3 Qxc2+ 34.Ka1 Qd3 35.Qd6+ Kc8 36.Qf8+ Kd7
37.Qf7+ Kc6 38.Qe8+ Kxc5 39.Qc8+ Kb6 40.Qd8+ Ka6 41.Qd6+ b6 42.Qa3+ Kb7 43.Qe7+ Ka6
44.Qa3+ Kb7 45.Qe7+  1/2-1/2

[Event "Helsinki op"]
[Site "Helsinki"]
[Date "1991.??.??"]
[Round "?"]
[White "Lehtivaara, Risto"]
[Black "Johansson, Jan"]
[Result "1-0"]
[WhiteElo "2295"]
[BlackElo "2415"]

1.e4 g6 2.d4 Bg7 3.Nc3 c6 4.h3 d6 5.f4 e5 6.dxe5 Qh4+ 7.Ke2 dxe5 8.Nf3 Bg4
9.g3 Bxf3+ 10.Kxf3 Qe7 11.Bd3 Nd7 12.Be3 O-O-O 13.Qg1 f5 14.exf5 Nh6 15.fxg6 hxg6
16.Re1 Nf5 17.Bxf5 gxf5 18.fxe5 Nxe5+ 19.Kg2 Qb4 20.Bc1 f4 21.Bxf4 Nc4 22.Qxa7 Ne5
23.Re4 Qxb2 24.Rb1  1-0

[Event "Helsinki op"]
[Site "Helsinki"]
[Date "1991.??.??"]
[Round "?"]
[White "Raaste, Eero J"]
[Black "Johansson, Jan"]
[Result "1/2-1/2"]
[WhiteElo "2370"]
[BlackElo "2415"]

1.e4 g6 2.d4 Bg7 3.Nc3 c6 4.Nf3 d6 5.a4 Nf6 6.a5 O-O 7.h3 Nbd7 8.Be3 Rb8
9.e5 dxe5 10.dxe5 Nd5 11.Nxd5 cxd5 12.Bxa7 Ra8 13.Bd4 Rxa5 14.Rxa5 Qxa5+
15.Bc3 Qa2 16.Be2 Nc5 17.O-O Bf5 18.Nd4 Bd7 19.Bg4 Bxg4 20.Qxg4 Ne4 21.Qd7 Nxc3
22.bxc3 e6 23.f4 Qc4 24.Rf3 Qc8 25.Qxc8 Rxc8 26.Kf2 Ra8 27.Ke2 Ra6 28.Rf1 Bf8
29.Rb1 Ra7 30.Rb4 h5 31.h4 Be7 32.g3 Kf8 33.Nb3 Bd8 34.Nc5 b6 35.Nd3 Ke8
36.Rb2 Kd7 37.Nb4 Kc7 38.Ra2 Rxa2 39.Nxa2 Kc6 40.Kd3 Kb5 41.Nc1 Be7 42.Nb3 Bc5
43.Nd4+ Ka4 44.c4 dxc4+ 45.Kxc4 Ka3 46.Nb5+ Kb2 47.Nd6 Bf2 48.Ne4 Be1 49.Kd3 b5
50.c4 b4 51.c5 b3 52.Nd2 Bxd2 53.Kxd2 Ka2 54.c6 b2 55.c7 b1=Q 56.c8=Q Qb4+
57.Qc3 Qb7  1/2-1/2

[Event "CUB-ch"]
[Site "Holguin"]
[Date "1991.??.??"]
[Round "8"]
[White "Perez, Rodney"]
[Black "Velez, Nestor"]
[Result "1-0"]
[WhiteElo "2265"]
[BlackElo "2320"]

1.e4 g6 2.d4 Bg7 3.Nc3 c6 4.Nf3 d5 5.h3 dxe4 6.Nxe4 Nd7 7.Bc4 Nb6 8.Bb3 a5
9.a4 Nh6 10.Bf4 Nd5 11.Be5 f6 12.Bh2 O-O 13.O-O Kh8 14.Re1 g5 15.Nc5 g4 16.hxg4 Nxg4
17.Bg3 f5 18.Ne6 Bxe6 19.Rxe6 Bf6 20.Qd3 f4 21.Bh4 Rg8 22.Rae1 Rg7 23.Bxd5 cxd5
24.Qf5 Qc7 25.Bxf6 Nxf6 26.Nh4 Ng4 27.Ng6+ hxg6 28.Qxg4 Ra6 29.Qh4+ Rh7 30.Qxh7+  1-0

[Event "HUN-ch (Women)"]
[Site "HUN"]
[Date "1991.??.??"]
[Round "?"]
[White "Grabics, Monika"]
[Black "Csoke, Adrienn"]
[Result "1-0"]
[WhiteElo "2110"]
[BlackElo "2235"]

1.e4 g6 2.d4 Bg7 3.Nc3 c6 4.f4 d5 5.e5 h5 6.Bd3 Nh6 7.Nf3 Bf5 8.Be3 e6 9.Ng5 Bxd3
10.Qxd3 Nf5 11.Bf2 Nd7 12.g3 Bf8 13.h3 Be7 14.Nf3 Qa5 15.Ke2 c5 16.g4 Nxd4+
17.Nxd4 cxd4 18.Bxd4 O-O-O 19.a3 Nc5 20.Qe3 Qa6+ 21.Kf2 Qc6 22.b4 Nd7 23.g5 Nb6
24.Rhb1 Nc4 25.Qd3 Kd7 26.a4 b6 27.a5 bxa5 28.bxa5 Rb8 29.Bxa7 Bc5+ 30.Bxc5 Qxc5+
31.Kg2 Rxb1 32.Rxb1 Qxa5 33.Rb5 Qa7 34.Nxd5 Rd8 35.Qxc4 exd5 36.Qxd5+ Ke8
37.Qc6+ Kf8 38.Qc5+ Kg8 39.Qxa7  1-0

[Event "HUN-ch (Women)"]
[Site "HUN"]
[Date "1991.??.??"]
[Round "?"]
[White "Csoke, Adrienn"]
[Black "Lakos, Nikoletta"]
[Result "1-0"]
[WhiteElo "2235"]
[BlackElo "2090"]

1.e4 c6 2.Nc3 g6 3.d4 Bg7 4.Be3 d5 5.e5 Bf5 6.g4 Be6 7.Be2 f6 8.f4 c5 9.dxc5 fxe5
10.fxe5 Nc6 11.Nf3 Bxg4 12.Qxd5 Qxd5 13.Nxd5 O-O-O 14.O-O-O Nxe5 15.Rhf1 Bxf3
16.Bxf3 Nxf3 17.Rxf3 e6 18.Rf7 Be5 19.Nc3 Rxd1+ 20.Kxd1 Nf6 21.Nb5 Nd5 22.Bc1 a6
23.Nd6+ Bxd6 24.cxd6 Rd8 25.c4 Nb4 26.c5 Nxa2 27.Bg5 Rg8 28.Rc7+ Kb8 29.Rxh7 Nb4
30.Re7 Nc6 31.Rxe6 Kc8 32.Rf6 a5 33.Rf7 Ne5 34.Rc7+ Kb8 35.h4 a4 36.Re7 Nc6
37.Re4 Kc8 38.Rxa4 Kd7 39.b4 Nd4 40.Ra7 Kc6 41.d7 Kxd7 42.Rxb7+ Kc6 43.Rb6+ Kd5
44.Kd2 Kc4 45.Bf6 Nb5 46.c6 Nd6 47.c7 Ne4+ 48.Ke3 Nxf6 49.Rxf6 Rc8 50.Rc6+ Kxb4
51.Kd4  1-0

[Event "HUN-chT"]
[Site "HUN"]
[Date "1991.??.??"]
[Round "?"]
[White "Somlai, Laszlo"]
[Black "Varasdy, Imre"]
[Result "1/2-1/2"]
[WhiteElo "2385"]
[BlackElo "2385"]

1.e4 g6 2.d4 c6 3.Nc3 Bg7 4.Nf3 d6 5.Be2 Bg4 6.O-O Nd7 7.a4 a5 8.Re1 e5 9.Be3 Ngf6
10.dxe5 dxe5 11.h3 Bxf3 12.Bxf3 O-O 13.Re2 Qe7 14.Rd2 Nc5 15.Qf1 Rfd8 16.Rad1 Rxd2
17.Rxd2 Ne6 18.b3 Qb4 19.Na2 Qa3 20.Nc1 Qb4 21.Na2 Qa3 22.Nc1 b5 23.axb5 cxb5
24.Rd1 Qb4 25.Na2 Qa3 26.Nc3 Qb2 27.Qd3 Rd8 28.Qxd8+ Nxd8 29.Rxd8+ Bf8 30.Bh6 Nd7
31.Nd5 f5 32.Nb6 Kf7 33.Rxd7+ Ke8 34.Bg5 h6 35.Rd8+ Kf7 36.exf5 hxg5 37.Bd5+ Kg7
38.f6+ Kh7 39.Rxf8 Qc1+ 40.Kh2 Qf4+ 41.Kg1 Qc1+ 42.Kh2 Qf4+ 43.Kg1  1/2-1/2

[Event "Italy op"]
[Site "Italy"]
[Date "1991.??.??"]
[Round "?"]
[White "Belotti, Bruno"]
[Black "Klauser, Markus"]
[Result "1/2-1/2"]
[WhiteElo "2460"]
[BlackElo "2370"]

1.e4 g6 2.d4 Bg7 3.Nc3 c6 4.Nf3 d5 5.h3 Nf6 6.e5 Ne4 7.Nxe4 dxe4 8.Ng5 f6
9.Nxe4 fxe5 10.Bc4 exd4 11.O-O Nd7 12.Re1 Nb6 13.Bb3 Nd5 14.Qf3 Bf5 15.g4 Bxe4
16.Rxe4 Qd6 17.Bg5 O-O-O 18.Qf7 Bf6 19.Bxf6 exf6 20.Rae1 Rd7 21.Re8+ Rxe8
22.Qxe8+ Kc7 23.Bxd5 Qxd5 24.Re7 f5 25.Re5 Qf7 26.gxf5 gxf5 27.Qxf7 Rxf7
28.f4 Kd6 29.Kf2 Rf6 30.h4 c5 31.h5 b5 32.b4 cxb4 33.Rxb5 Kc6  1/2-1/2

[Event "Jyvaskyla op"]
[Site "Jyvaskyla"]
[Date "1991.??.??"]
[Round "5"]
[White "Lanka, Zigurds"]
[Black "Karner, Hillar"]
[Result "1-0"]
[WhiteElo "2510"]
[BlackElo "2350"]

1.e4 g6 2.d4 Bg7 3.Nc3 c6 4.f4 d5 5.e5 h5 6.Be3 a5 7.Nf3 Nh6 8.g3 a4 9.a3 Nd7
10.h3 Nb6 11.Bf2 Be6 12.Bg2 Nc4 13.Qc1 Qb6 14.O-O Nf5 15.Nxa4 Rxa4 16.b3 Qa7
17.bxa4 Qxa4 18.Re1 Bc8 19.Nd2 e6 20.Nxc4 dxc4 21.Qb2 Bf8 22.Be4 Be7 23.c3 g5
24.Bxf5 exf5 25.fxg5 Bxg5 26.h4 Be7 27.Be3 Rg8 28.Kh2 Qa5 29.Bf4 Rg4 30.e6 fxe6
31.Re5 Qd8 32.Rae1 Kf8 33.Qe2 Bd6 34.Rxf5+ exf5 35.Bxd6+ Kg7 36.Qe8 Qxe8
37.Rxe8 Bd7 38.Re7+ Kf6 39.Rxd7 Ke6 40.Rd8 Re4 41.Kh3 b5 42.Bf4  1-0

[Event "Karlsruhe Elo"]
[Site "Karlsruhe"]
[Date "1991.??.??"]
[Round "4"]
[White "Teske, Henrik"]
[Black "Heinemann, Thies"]
[Result "1/2-1/2"]
[WhiteElo "2380"]
[BlackElo "2340"]

1.e4 g6 2.d4 Bg7 3.Nc3 c6 4.Nf3 d6 5.Be2 Nf6 6.O-O O-O 7.a4 a5 8.h3 Nbd7
9.Be3 e5 10.dxe5 dxe5 11.Qd2 Re8  1/2-1/2

[Event "Kobanya op"]
[Site "Kobanya"]
[Date "1991.??.??"]
[Round "2"]
[White "Madl, Ildiko"]
[Black "Pasztor, Ferenc"]
[Result "1-0"]
[WhiteElo "2380"]
[BlackElo "2310"]

1.e4 g6 2.d4 Bg7 3.Nc3 c6 4.Be3 d5 5.Qd2 Nf6 6.e5 Ng4 7.Bf4 h5 8.h3 Nh6 9.Nf3 Bf5
10.O-O-O Nd7 11.Bd3 e6 12.Ng5 b5 13.g4 hxg4 14.hxg4 Bxg4 15.Rdg1 Bf5 16.Nxe6 Bxe6
17.Bxh6 Rxh6 18.Rxh6 Bxh6 19.Qxh6 Qb6 20.Bxg6 O-O-O 21.Bxf7 Bxf7 22.e6 Qxd4
23.exf7 Kc7 24.Rg8 Qxf2 25.Qg5 Rc8 26.Qe7 Qf1+ 27.Kd2 Qf2+ 28.Ne2 Qf5 29.Qe3 Qxf7
30.Qxa7+ Kd6 31.Rxc8  1-0

[Event "Krumbach op"]
[Site "Krumbach"]
[Date "1991.??.??"]
[Round "2"]
[White "Wagner, Anselm"]
[Black "Gutman, Lev"]
[Result "0-1"]
[WhiteElo "2280"]
[BlackElo "2445"]

1.e4 g6 2.d4 Bg7 3.Nc3 c6 4.Nf3 Nf6 5.Bd3 Na6 6.e5 Nd5 7.Nxd5 cxd5 8.c3 Nc7
9.O-O d6 10.Bf4 Ne6 11.Bg3 dxe5 12.Nxe5 O-O 13.h4 Bh6 14.Qf3 Ng7 15.Bf4 Bxf4
16.Qxf4 Qd6 17.Qe3 f6 18.Nf3 Bd7 19.Rfe1 Rae8 20.Nh2 e5 21.dxe5 fxe5 22.Rad1 d4
23.Qd2 Be6 24.Be4 Bxa2 25.cxd4 exd4 26.Qxd4 Qxd4 27.Rxd4 b5 28.Ra1 Bf7 29.Rxa7 Nf5
30.Bxf5 Re1+ 31.Nf1 gxf5 32.Rdd7 f4 33.f3 Bg6 34.h5 Bf5 35.Rd2 Rf7 36.Rxf7 Kxf7
37.Kf2 Rb1 38.g4 Be6 39.g5 Rc1 40.Nh2 Rc5 41.g6+ hxg6 42.hxg6+ Kxg6 43.Re2 Bf5
44.Ng4 b4 45.Rd2 b3 46.Nh2 Bh3 47.Ke2 Kg5 48.Kd1 Kh4 49.Ng4 Bxg4 50.fxg4 Kxg4
51.Rd3 Re5 52.Rxb3 f3 53.Rb8 f2 54.Rg8+ Kf3 55.Rf8+ Ke3 56.b3 Re4 57.Rf7 Rd4+  0-1

[Event "Krumbach op"]
[Site "Krumbach"]
[Date "1991.??.??"]
[Round "2"]
[White "Glek, Igor V"]
[Black "Welz, Thomas"]
[Result "1-0"]
[WhiteElo "2540"]
[BlackElo "2355"]

1.e4 g6 2.d4 Bg7 3.Nc3 c6 4.Nf3 d5 5.h3 dxe4 6.Nxe4 Nf6 7.Nxf6+ exf6 8.Bc4 Qe7+
9.Qe2 Qxe2+ 10.Kxe2 Be6 11.Bb3 Nd7 12.Re1 O-O 13.Kf1 Rfe8 14.Bf4 Nb6 15.Re2 Bd5
16.Bxd5 Nxd5 17.Rxe8+ Rxe8 18.Bd6 Bf8 19.Bxf8 Kxf8 20.c4 Nf4 21.h4 Re4 22.Rd1 Ke7
23.b3 h5 24.Rd2 Ne6 25.g3 Ng7 26.d5 cxd5 27.Rxd5 Nf5 28.Rb5 b6 29.c5 Re6
30.cxb6 axb6 31.Nd2 Kd7 32.Nc4 Kc7 33.Rb4 Ne7 34.Na3 Nd5 35.Ra4 Kc6 36.Ra8 Kd7
37.Nb5 Rc6 38.Ra4 Rc1+ 39.Kg2 Kc6 40.Na3 Kc5 41.Ra7 b5 42.Rb7 Kc6 43.Rxb5 Ra1
44.b4 Rxa2 45.Rc5+ Kd6 46.Nb5+  1-0

[Event "USA-op Los Angeles"]
[Site "Los Angeles"]
[Date "1991.??.??"]
[Round "?"]
[White "Ivanov, Alexander"]
[Black "Orlov, Georgi"]
[Result "1-0"]
[WhiteElo "2565"]
[BlackElo "2500"]

1.e4 g6 2.d4 Bg7 3.Nc3 c6 4.Bc4 d6 5.Nf3 b5 6.Bb3 b4 7.Na4 Nf6 8.e5 Nd5 9.O-O O-O
10.h3 Na6 11.a3 bxa3 12.Rxa3 Nac7 13.c4 Nb4 14.exd6 exd6 15.Bg5 f6 16.Bf4 Kh8
17.Qd2 Nba6 18.Nc3 Re8 19.Ba4 Nb4 20.Na2 a5 21.Nxb4 axb4 22.Qxb4 c5 23.Qd2 Re4
24.Bc6 Rxa3 25.Bxe4 Rb3 26.dxc5 f5 27.Bc2 Rxb2 28.cxd6 Ne6 29.Be5 Bxe5 30.Nxe5 Rb7
31.Rb1 Ra7 32.Bxf5  1-0

[Event "WchT U26"]
[Site "Maringa"]
[Date "1991.??.??"]
[Round "1"]
[White "De Souza, Mauro"]
[Black "Trindade, Sandro Heleno"]
[Result "1/2-1/2"]
[WhiteElo "2225"]
[BlackElo "2325"]

1.e4 g6 2.d4 Bg7 3.Nc3 c6 4.Nf3 d6 5.a4 Nd7 6.Be2 Nh6 7.O-O O-O 8.Be3 e5
9.dxe5 dxe5 10.Nd2 f5 11.f3 f4 12.Bf2 Qf6 13.Nc4 Nf7 14.Qd2 Re8 15.a5 Bf8
16.Na4 Be7 17.Rfd1 h5 18.Qc3 Kh7 19.b4 Rg8 20.Nc5 Nxc5 21.Bxc5 g5 22.Bxe7 Qxe7
23.h3 g4 24.fxg4 hxg4 25.Bxg4 Rxg4 26.hxg4 Bxg4 27.Rd3 Kg6 28.a6 b5 29.Ne3 Bd7
30.Nf5 Bxf5 31.Qxc6+ Kg5 32.exf5 Rg8 33.Rd7 Qxb4 34.Rad1 Nh6 35.f6 Nf5 36.Rh7 Rd8
37.Rf1 Ng3 38.Rg7+ Kh4 39.Rh7+ Kg5 40.Rg7+ Kh4 41.Rh7+ Kg5 42.Rg7+  1/2-1/2

[Event "WchT U26"]
[Site "Maringa"]
[Date "1991.??.??"]
[Round "3"]
[White "Kupper, Patrick"]
[Black "Baudot, Denis"]
[Result "1/2-1/2"]
[WhiteElo "2255"]
[BlackElo "2235"]

1.e4 g6 2.d4 Bg7 3.Nc3 c6 4.f4 d5 5.e5 h5 6.Be3 Nh6 7.Nf3 Bg4 8.Bd3 e6 9.h3 Bxf3
10.Qxf3 Nf5 11.Bf2 h4 12.O-O Nd7 13.Ne2 Bf8 14.b3 b5 15.c4 bxc4 16.bxc4 dxc4
17.Be4 Ne7 18.Rfc1 Nb6 19.Rxc4 Nxc4 20.Bxc6+ Nxc6 21.Qxc6+ Ke7 22.Qb7+ Ke8
23.Qc6+ Ke7 24.Qxc4 Qd5 25.Qa6 Rb8 26.Qxa7+ Qb7 27.Qxb7+ Rxb7 28.Nc3 Kd7
29.a4 Be7 30.a5 Ra8 31.d5 Bb4 32.dxe6+ Kxe6 33.Ne2 Rxa5 34.Rxa5 Bxa5 35.Bxh4 Rb2
36.Kf2 Bb6+ 37.Kf3 Rb3+ 38.Kg4 Re3 39.Ng1 Rb3 40.Nf3 Rb2 41.g3 Rb4 42.Bf6 Kd7
43.Ng5 Ke8 44.Nh7 Bc5 45.Bg5 Be7 46.Bxe7 Kxe7 47.Nf6 Rd4 48.h4 Ke6 49.Kg5 Ke7
50.g4 Kf8 51.h5 gxh5 52.Nxh5 Ra4 53.Ng3 Ke7 54.Nf5+ Ke6 55.Ng7+ Ke7 56.Kf5 Ra1
57.Nh5 Ra2 58.Nf6 Rd2 59.Ke4 Re2+ 60.Kd3 Ra2 61.f5 Ra5 62.Ke4 Ra4+ 63.Kf3 Ra5
64.Kf4 Ra4+ 65.Ne4 Kd7 66.Ke3 Ra1 67.Ng5 Ke7 68.f6+ Ke8 69.Kf4 Rf1+ 70.Nf3 Kd7
71.g5 Rf2 72.Ke4 Re2+ 73.Kf4 Rf2 74.Ke4 Re2+ 75.Kd5 Rg2  1/2-1/2

[Event "AUS-ch"]
[Site "Melbourne"]
[Date "1991.??.??"]
[Round "5"]
[White "Solomon, Stephen J"]
[Black "Fuller, Maxwell L"]
[Result "1-0"]
[WhiteElo "2420"]
[BlackElo "2335"]

1.e4 g6 2.d4 Bg7 3.Nc3 c6 4.Nf3 d5 5.h3 Nf6 6.e5 Ne4 7.Bd3 Nxc3 8.bxc3 c5
9.c4 cxd4 10.O-O Nc6 11.Re1 O-O 12.cxd5 Qxd5 13.Bf4 Bf5 14.Bxf5 gxf5 15.Qd2 Kh8
16.c3 Rad8 17.Rad1 Rg8 18.Kh2 d3 19.Re3 Qc4 20.g3 h6 21.Rxd3 Rxd3 22.Qxd3 Qxa2
23.Rd2 Qa5 24.Qxf5 Qxc3 25.Qh5 Rd8 26.Bxh6 f6 27.Rxd8+ Nxd8 28.Bd2+  1-0

[Event "AUS-ch"]
[Site "Melbourne"]
[Date "1991.??.??"]
[Round "7"]
[White "Canfell, Gregory"]
[Black "Fuller, Maxwell L"]
[Result "1-0"]
[WhiteElo "2280"]
[BlackElo "2335"]

1.e4 g6 2.d4 Bg7 3.Nc3 c6 4.f4 d5 5.e5 h5 6.Nf3 Nh6 7.Be3 Bg4 8.h3 Nf5 9.Bf2 Bxf3
10.Qxf3 h4 11.O-O-O e6 12.Bd3 Bf8 13.Bxf5 gxf5 14.g4 hxg3 15.Qxg3 Nd7 16.h4 Qa5
17.h5 Bh6 18.Qh4 b5 19.Kb1 b4 20.Ne2 Qb5 21.Rd3 Rg8 22.Rg3 Rxg3 23.Nxg3 a5
24.Re1 Kf8 25.Qh3 Re8 26.Nxf5 exf5 27.Qxf5 Re6 28.Qh7 Ke8 29.f5 Nf8 30.Qh8 Bd2
31.fxe6 Bxe1 32.exf7+ Kxf7 33.Qf6+ Ke8 34.e6 Qe2 35.Qf7+ Kd8 36.Qxf8+ Kc7
37.Qf4+ Kb7 38.Qe3  1-0

[Event "POL-chT"]
[Site "Mikolajki"]
[Date "1991.??.??"]
[Round "7"]
[White "Moroz, Alexander"]
[Black "Maciejewski, Andrzej"]
[Result "1-0"]
[WhiteElo "2405"]
[BlackElo "2435"]

1.e4 g6 2.Nc3 c6 3.d4 Bg7 4.Be3 b5 5.Qd2 d6 6.f3 Nd7 7.Nge2 Nb6 8.b3 a5 9.a4 b4
10.Nd1 Nf6 11.Bh6 Bxh6 12.Qxh6 e5 13.Nb2 Ba6 14.O-O-O Qe7 15.dxe5 dxe5 16.Ng3 Bxf1
17.Nxf1 Nfd7 18.Ne3 Kd8 19.Nec4 Kc7 20.Rd2 Nxc4 21.Nxc4 Nb6 22.Nd6 Nc8 23.Nxc8 Raxc8
24.Rhd1 Rcd8 25.Rxd8 Rxd8 26.Rxd8 Kxd8 27.Qxh7 Qg5+ 28.Kb2 Qe7 29.Qh6 Qc5
30.Qd2+ Ke7 31.h4 Qg1 32.g4 f6 33.g5 Qc5 34.f4 exf4 35.Qxf4 Qc3+ 36.Kb1 fxg5
37.Qxg5+ Kf7 38.e5 Qe1+ 39.Ka2 Qf2 40.e6+ Kg7 41.Qe5+  1-0

[Event "Mondorf op"]
[Site "Mondorf"]
[Date "1991.??.??"]
[Round "4"]
[White "Beulen, Marcel"]
[Black "Wians, Camille"]
[Result "1/2-1/2"]
[WhiteElo "2240"]
[BlackElo "2285"]

1.e4 g6 2.d4 Bg7 3.Nc3 c6 4.Be3 d5 5.Qd2 Nf6 6.e5 Ng4 7.Bf4 h5 8.h3 Nh6 9.Nf3 a5
10.Bd3 Na6 11.Ng5 Nc7 12.O-O-O a4 13.a3 Ne6 14.Nxe6 Bxe6 15.g4 Kd7 16.gxh5 gxh5
17.Rdg1 Qf8 18.Rg5  1/2-1/2

[Event "FRA-ch (Women)"]
[Site "Montpellier"]
[Date "1991.??.??"]
[Round "4"]
[White "Dubois, Martine"]
[Black "Lebel Arias, Julia"]
[Result "1-0"]
[WhiteElo "2050"]
[BlackElo "2065"]

1.e4 g6 2.d4 Bg7 3.Nc3 c6 4.Bc4 b5 5.Bb3 b4 6.Nce2 Ba6 7.a3 bxa3 8.Rxa3 e6
9.Nf3 Nf6 10.O-O Nxe4 11.Rxa6 Nxa6 12.Qd3 f5 13.Qxa6 Qb6 14.Qa2 O-O 15.Ne5 Bxe5
16.dxe5 Qb5 17.Re1 Qxe5 18.Be3 Qc7 19.Bd4 c5 20.Be3 d5 21.Nf4 c4 22.Nxe6 cxb3
23.Nxc7 bxa2 24.Nxa8 Rxa8 25.Ra1 Rc8 26.c3 a5 27.Rxa2 Ra8 28.Kf1 Kf7 29.Ke2 Rb8
30.f3 Nd6 31.Bf4 Re8+ 32.Kd3 Nb7 33.b4 Ra8 34.Kd4 Ke6 35.Re2+ Kd7 36.Kxd5 axb4
37.cxb4 Ra1 38.Rd2 Rb1 39.Kc4+ Kc6 40.Rd3 Rb2 41.g4 fxg4 42.fxg4 Rc2+ 43.Kb3 Rg2
44.g5 Rg4 45.Rd4 Kb5 46.Kc3 Rh4 47.Kd3 Rh3+ 48.Ke4 Rb3 49.Bd2 Rh3 50.Bf4 Rb3
51.Ke5 Rxb4 52.Rxb4+ Kxb4 53.Kf6 Kc5 54.Kg7 Nd8 55.Kxh7 Ne6 56.Be3+ Kd6 57.Kxg6 Ke7
58.h4 Kf8 59.Kh7 Ke8 60.h5 Nf8+ 61.Kg8  1-0

[Event "Moscow2"]
[Site "Moscow"]
[Date "1991.??.??"]
[Round "?"]
[White "Cybulak, Adam"]
[Black "Shvedchikov, Anatoli I"]
[Result "0-1"]
[WhiteElo "2265"]
[BlackElo "2395"]

1.e4 g6 2.d4 Bg7 3.Nc3 c6 4.Nf3 d5 5.Be2 Nh6 6.h3 O-O 7.O-O f6 8.Bf4 Nf7
9.Bh2 e6 10.Re1 Nd7 11.Bf1 Nb6 12.Qd3 Bd7 13.Nd1 Re8 14.Ne3 e5 15.dxe5 fxe5
16.c3 Be6 17.Nd2 d4 18.cxd4 exd4 19.Nd1 Ne5 20.Qg3 d3 21.Nc3 Nec4 22.Nxc4 Nxc4
23.e5 d2 24.Re4 Nxb2 25.Rb4 d1=Q 26.Nxd1 Nxd1 27.Qf3 Qd2 28.Rxb7 Rad8 29.Bg3 Qd4
30.Rc1 Bh6 31.Rc2 Bd5 32.Qf6 Qe4 33.Rxc6 Qf5 34.Bc4 Qxf6 35.exf6 Bxc4 36.Rxc4 Re1+
37.Kh2 Rf8 38.Rcc7 Rxf6 39.Rxh7 Bf8 40.Rxa7 Nxf2 41.Bxf2 Rxf2 42.h4 Bd6+  0-1

[Event "Russian Winter op"]
[Site "Moscow"]
[Date "1991.??.??"]
[Round "?"]
[White "Gogichaishvili, Giorgi"]
[Black "Konopleva, Natalia"]
[Result "1-0"]
[WhiteElo "2380"]
[BlackElo "2150"]

1.e4 g6 2.d4 Bg7 3.Nc3 c6 4.Nf3 d6 5.h3 Nf6 6.Be3 O-O 7.Be2 Qc7 8.a4 a5 9.O-O Na6
10.Nd2 e5 11.Nc4 Rd8 12.d5 Nc5 13.dxc6 bxc6 14.Bxc5 dxc5 15.Qc1 Ba6 16.b3 Rd4
17.Bd3 Bxc4 18.bxc4 Nh5 19.g3 Rad8 20.Rb1 f5 21.Ne2 f4 22.g4 Nf6 23.Nxd4 exd4
24.f3 h5 25.Qe1 Qe5 26.Qxa5 Rf8 27.Qe1 Bh6 28.Rb7 hxg4 29.hxg4 Bg5 30.Kg2 Qe6
31.Rh1 Nxg4 32.Rhh7  1-0

[Event "Muenster op"]
[Site "Muenster"]
[Date "1991.??.??"]
[Round "7"]
[White "Zude, Arno"]
[Black "Schneider, Bernd"]
[Result "1/2-1/2"]
[WhiteElo "2385"]
[BlackElo "2335"]

1.e4 g6 2.d4 Bg7 3.Nc3 c6 4.Bc4 d5 5.exd5 b5 6.Bb3 b4 7.Na4 cxd5 8.Ne2 Nf6
9.O-O O-O 10.Re1 Nc6 11.c3 e6 12.Nc5 bxc3 13.bxc3 Nd7 14.Ba4 Nxc5 15.Bxc6 Bb7
16.Bb5 Qa5 17.a4 Ne4 18.Ba3 Rfc8 19.Bb4 Qb6 20.Bd7 Rc7 21.a5 Qa6 22.Qa4 Bc6
23.Bxc6 Rxc6 24.f3 Nd2 25.Qd1 Bh6 26.Nc1 Rb8 27.Qe2 Qc8 28.Nd3 Rxc3 29.Bxc3 Qxc3
30.Kh1 Qxd4 31.Ne5 Rb7 32.Qa6 Rc7 33.Qd6 Qc5 34.Qd8+ Kg7 35.Ng4 Qe7 36.Qxe7 Rxe7
37.Nxh6 Kxh6 38.Rad1 Nc4 39.Rxd5 Rc7 40.Rb5 a6 41.Rb4 Nxa5 42.Ra4 Rc5 43.h3 Kg7
44.Rb1 h5 45.Kh2 g5 46.h4 gxh4 47.Rba1 Nc6 48.Rxa6 Ne7 49.R6a5 Rxa5 50.Rxa5 Nf5  1/2-1/2